[Event "ROM-ch"]
[Site "Targu Mures"]
[Date "2014.04.26"]
[Round "1"]
[White "Dulman, Egmond Gabriel"]
[Black "Manolache, Marius"]
[Result "0-1"]
[WhiteElo "2067"]
[BlackElo "2510"]
[PlyCount "50"]
[EventDate "2014.04.26"]
[EventType "swiss"]
[EventRounds "11"]
[EventCountry "ROU"]
[SourceTitle "CBM 160 Extra"]
[Source "ChessBase"]
[SourceDate "2014.07.01"]
[SourceVersion "1"]
[SourceVersionDate "2014.07.01"]
[SourceQuality "1"]

1. d4 d6 2. e4 Nf6 3. Nc3 g6 4. Bc4 Bg7 5. Qe2 0-0 6. e5 dxe5 7. dxe5 Ng4 8. e6 f5 9. Nf3 Nc6 10. 0-0 Qd6 11. Nb5 Qc5 12. b4 Nxb4 13. c3 Nc2 14. Rb1 a6 15. Nbd4 Na3 16. Bxa3 Qxa3 17. h3 Nf6 18. Rb3 Qc5 19. Ne5 b5 20. Bd3 Nd5 21. Nd7 Bxd7 22. exd7 Nf4 23. Qf3 e5 24. Ne2 Nd5 25. Bb1 Rad8 0-1

[Event "Oslo Elo op"]
[Site "Oslo"]
[Date "2012.09.30"]
[Round "9"]
[White "Bjorn, Lasse E"]
[Black "Dulman, Egmond Gabriel"]
[Result "1/2-1/2"]
[WhiteElo "1741"]
[BlackElo "2098"]
[PlyCount "93"]
[EventDate "2012.09.30"]
[EventType "swiss"]
[EventRounds "9"]
[EventCountry "NOR"]
[SourceTitle "EXT 2013"]
[Source "ChessBase"]
[SourceDate "2012.11.22"]
[SourceVersion "1"]
[SourceVersionDate "2012.11.22"]
[SourceQuality "1"]

1. e4 c6 2. d4 d5 3. exd5 cxd5 4. Nf3 Nf6 5. Bf4 Nc6 6. c3 g6 7. Bd3 Bg7 8. Nbd2 0-0 9. 0-0 a6 10. Ne5 Nh5 11. Nxc6 bxc6 12. Be3 e5 13. dxe5 Bxe5 14. Bc5 Re8 15. Nf3 Bg7 16. Qa4 Qc7 17. Rfe1 Bd7 18. Rxe8+ Bxe8 19. Re1 Bd7 20. Qa3 Qc8 21. Bd6 Bf5 22. Bxf5 Qxf5 23. Nd4 Qd7 24. Kf1 Rd8 25. Bc5 Nf4 26. f3 Nd3 27. Re3 Nxc5 28. Qxc5 Bxd4 29. Qxd4 Qd6 30. g3 c5 31. Qe5 Qb6 32. Re2 Qb5 33. Kf2 Qd7 34. Qe7 Qxe7 35. Rxe7 Rb8 36. b3 c4 37. b4 a5 38. a3 axb4 39. axb4 d4 40. cxd4 Rxb4 41. Rc7 Rb2+ 42. Ke3 Rxh2 43. Rxc4 Kg7 44. Rc6 h5 45. Ra6 Rg2 46. Kf4 g5+ 47. Kxg5 1/2-1/2

[Event "Oslo Elo op"]
[Site "Oslo"]
[Date "2012.09.30"]
[Round "2"]
[White "Dulman, Egmond Gabriel"]
[Black "Wilsbeck, Jan Borge"]
[Result "1-0"]
[WhiteElo "2098"]
[BlackElo "1917"]
[PlyCount "89"]
[EventDate "2012.09.30"]
[EventType "swiss"]
[EventRounds "9"]
[EventCountry "NOR"]
[SourceTitle "EXT 2013"]
[Source "ChessBase"]
[SourceDate "2012.11.22"]
[SourceVersion "1"]
[SourceVersionDate "2012.11.22"]
[SourceQuality "1"]

1. d4 Nf6 2. c4 g6 3. Nc3 d5 4. Nf3 Bg7 5. Bf4 0-0 6. e3 c6 7. h3 Qa5 8. Qd2 Nbd7 9. Rb1 Re8 10. b4 Qd8 11. b5 Nh5 12. bxc6 bxc6 13. cxd5 Nxf4 14. exf4 c5 15. Bb5 cxd4 16. Nxd4 e5 17. dxe6 Bxd4 18. Qxd4 Rxe6+ 19. Kf1 Qb6 20. Qd2 Ba6 21. Kg1 Bxb5 22. Rxb5 Qc6 23. Kh2 Nf6 24. Rhb1 Rae8 25. Qd4 Rd6 26. Qc5 Qxc5 27. Rxc5 Ne4 28. Re5 Rxe5 29. fxe5 Rd4 30. Rb8+ Kg7 31. Nb5 Ra4 32. f3 a6 33. Nc7 Nc3 34. Ne8+ Kh6 35. Nd6 Rxa2 36. Nxf7+ Kg7 37. Ng5 h6 38. Rb7+ Kg8 39. Nf7 h5 40. Nd6 Nd5 41. e6 Re2 42. Ne4 Kf8 43. Rf7+ Ke8 44. Nd6+ Kd8 45. Rd7# 1-0

[Event "Oslo Elo op"]
[Site "Oslo"]
[Date "2012.09.30"]
[Round "7"]
[White "Machlik, Jon"]
[Black "Dulman, Egmond Gabriel"]
[Result "1/2-1/2"]
[WhiteElo "1737"]
[BlackElo "2098"]
[PlyCount "82"]
[EventDate "2012.09.30"]
[EventType "swiss"]
[EventRounds "9"]
[EventCountry "NOR"]
[SourceTitle "EXT 2013"]
[Source "ChessBase"]
[SourceDate "2012.11.22"]
[SourceVersion "1"]
[SourceVersionDate "2012.11.22"]
[SourceQuality "1"]

1. e4 c6 2. d4 d5 3. exd5 cxd5 4. Bd3 Nc6 5. c3 Nf6 6. Bf4 Bg4 7. Qb3 Qc8 8. Nd2 e6 9. Ngf3 Be7 10. 0-0-0 a6 11. Rde1 b5 12. Kb1 Na5 13. Qc2 Nc4 14. Ne5 Bh5 15. g4 Nxg4 16. Nxg4 Bxg4 17. Rhg1 Bh5 18. Rxg7 Bg6 19. Nxc4 bxc4 20. Bxg6 hxg6 21. Be5 Rf8 22. Re3 Ra7 23. Rf3 Qc6 24. Qd2 Rb7 25. Ka1 Qa4 26. Re3 Bg5 27. f4 Be7 28. Re1 Rb5 29. Qc1 Ra5 30. Qb1 Kd7 31. Rh7 Qb3 32. Bg7 Rb8 33. f5 gxf5 34. Be5 Rf8 35. h4 Qa4 36. h5 Bg5 37. Rh1 Qb3 38. h6 Bd2 39. Rh3 Rxa2+ 40. Qxa2 Qd1+ 41. Qb1 Qa4+ 1/2-1/2

[Event "Oslo op ELO"]
[Site "Oslo"]
[Date "2011.10.02"]
[Round "7"]
[White "Botheim, Tor"]
[Black "Dulman, Egmond Gabriel"]
[Result "0-1"]
[WhiteElo "1954"]
[BlackElo "2114"]
[PlyCount "86"]
[EventDate "2011.10.02"]
[EventType "swiss"]
[EventRounds "9"]
[EventCountry "NOR"]
[SourceTitle "EXT 2023"]
[Source "ChessBase"]
[SourceDate "2022.10.05"]
[SourceVersion "1"]
[SourceVersionDate "2022.10.05"]
[SourceQuality "1"]

1. e4 c6 2. d4 d5 3. Nc3 dxe4 4. Nxe4 Nd7 5. Nf3 Ngf6 6. Nxf6+ Nxf6 7. Bc4 Bf5 8. 0-0 e6 9. c3 Bd6 10. Re1 Qc7 11. Qe2 0-0-0 12. Ne5 Nd5 13. a4 f6 14. Nf3 g5 15. b4 g4 16. Nh4 Nxc3 17. Bxe6+ Kb8 18. Qc4 Bxe6 19. Rxe6 Nd5 20. Bd2 Bxh2+ 21. Kf1 Bf4 22. Bxf4 Qxf4 23. g3 Qd2 24. b5 Nb6 25. Qe2 Qxd4 26. Re1 cxb5 27. axb5 Nc4 28. Kg1 Ne5 29. b6 axb6 30. Qb5 Rd6 31. Re8+ Rxe8 32. Qxe8+ Rd8 33. Qe7 h5 34. Qa3 Qc5 35. Qa2 Qa5 36. Qe2 Qd2 37. Qf1 Qd3 38. Qg2 Rc8 39. Ra1 Rc2 40. Re1 Rd2 41. Kh2 Nf3+ 42. Nxf3 gxf3 43. Qg1 Qd4 0-1

[Event "Miercurea Ciuc Banc Post op 14th"]
[Site "Miercurea Ciuc"]
[Date "2011.08.15"]
[Round "5"]
[White "Dulman, Egmond Gabriel"]
[Black "Szebeni Janosi, Pal"]
[Result "1-0"]
[WhiteElo "2100"]
[BlackElo "1816"]
[PlyCount "101"]
[EventDate "2011.08.12"]
[EventType "swiss"]
[EventRounds "9"]
[EventCountry "ROU"]
[SourceTitle "CBM 144 Extra"]
[Source "ChessBase"]
[SourceDate "2011.10.28"]
[SourceVersion "1"]
[SourceVersionDate "2011.10.28"]
[SourceQuality "1"]

1. d4 Nf6 2. c4 g6 3. Nc3 d5 4. Nf3 Bg7 5. Bf4 c6 6. e3 0-0 7. h3 b6 8. Bd3 Bb7 9. Qe2 a5 10. 0-0 dxc4 11. Bxc4 b5 12. Bd3 Na6 13. Rac1 Nb4 14. Bb1 Nbd5 15. Nxd5 Nxd5 16. Be5 Nf6 17. Bd3 Qb6 18. Rc2 Rfc8 19. Rfc1 Bf8 20. Nd2 Nd7 21. Bg3 Nf6 22. Ne4 Nd5 23. a3 a4 24. Nc5 e6 25. Qf3 Bxc5 26. dxc5 Qd8 27. e4 Nc7 28. Be5 Ne8 29. Qe3 Qd7 30. Rd2 Qe7 31. Bc3 Rd8 32. Rdc2 Rd7 33. f4 Rad8 34. Be2 Qh4 35. Kh2 Qe7 36. g4 f5 37. Ba5 Ra8 38. Bb6 Nf6 39. exf5 exf5 40. Qxe7 Rxe7 41. gxf5 Rae8 42. Bf3 gxf5 43. Rg2+ Kf8 44. Rg5 Kf7 45. Rxf5 Kg6 46. Rg5+ Kh6 47. Rcg1 Re3 48. R1g3 R8e7 49. Bd8 Re2+ 50. Kg1 Re1+ 51. Kf2 1-0

[Event "NOR-chT Clubs"]
[Site "Drammen"]
[Date "2010.10.10"]
[Round "6"]
[White "Dulman, Egmond Gabriel"]
[Black "Larsen, Martin Halsvik"]
[Result "1/2-1/2"]
[WhiteElo "2004"]
[BlackElo "1871"]
[PlyCount "114"]
[EventDate "2010.10.08"]
[EventType "team"]
[EventRounds "6"]
[EventCountry "NOR"]
[SourceTitle "EXT 2015"]
[Source "ChessBase"]
[SourceDate "2014.11.20"]
[SourceVersion "1"]
[SourceVersionDate "2014.11.20"]
[SourceQuality "1"]
[WhiteTeam "Akademisk"]
[BlackTeam "Trondheim"]
[WhiteTeamCountry "NOR"]
[BlackTeamCountry "NOR"]

1. d4 d5 2. Nf3 Nf6 3. c4 e6 4. Nc3 c6 5. e3 Bd6 6. Bd3 Nbd7 7. 0-0 0-0 8. e4 dxe4 9. Nxe4 Nxe4 10. Bxe4 h6 11. Bc2 e5 12. Re1 exd4 13. Nxd4 Nf6 14. Qd3 Bb4 15. Bd2 Bxd2 16. Qxd2 c5 17. Nf3 Qxd2 18. Nxd2 Be6 19. Rad1 Rab8 20. b3 a6 21. Ne4 Nxe4 22. Bxe4 b5 23. cxb5 axb5 24. Rc1 Rfc8 25. f4 Rc7 26. Rc2 Rd8 27. f5 Bc8 28. Rec1 Kf8 29. Rxc5 Rd1+ 30. Rxd1 Rxc5 31. g4 Ke7 32. Kf2 Bd7 33. Ke3 Rc3+ 34. Bd3 b4 35. Kd4 Kd6 36. h4 Rc5 37. Bc4 Ra5 38. Bxf7 Ke7 39. Bc4 Rxa2 40. Kc5 Rf2 41. Kxb4 Rf4 42. Rg1 Kd6 43. Kc3 Ke5 44. Re1+ Kd6 45. Rd1+ Kc7 46. Rd4 Rf3+ 47. Kb4 h5 48. Be6 Bxe6 49. fxe6 Re3 50. Rd7+ Kc6 51. Rxg7 Re4+ 52. Kc3 hxg4 53. e7 Kd7 54. h5 Re3+ 55. Kd2 Rh3 56. Rxg4 Kxe7 57. Rd4 Rxb3 1/2-1/2

[Event "NOR-chT Clubs"]
[Site "Drammen"]
[Date "2010.10.09"]
[Round "4"]
[White "Andersen, Dag"]
[Black "Dulman, Egmond Gabriel"]
[Result "1/2-1/2"]
[WhiteElo "1717"]
[BlackElo "2004"]
[PlyCount "87"]
[EventDate "2010.10.08"]
[EventType "team"]
[EventRounds "6"]
[EventCountry "NOR"]
[SourceTitle "EXT 2015"]
[Source "ChessBase"]
[SourceDate "2014.11.20"]
[SourceVersion "1"]
[SourceVersionDate "2014.11.20"]
[SourceQuality "1"]
[WhiteTeam "Sarpsborg"]
[BlackTeam "Akademisk"]
[WhiteTeamCountry "NOR"]
[BlackTeamCountry "NOR"]

1. d4 d5 2. Nf3 Nf6 3. c4 c6 4. Nc3 e6 5. e3 Nbd7 6. Bd3 Bd6 7. 0-0 dxc4 8. Bxc4 Qc7 9. Qe2 0-0 10. Rd1 e5 11. dxe5 Nxe5 12. Nxe5 Bxe5 13. h3 Re8 14. Qc2 Qe7 15. Ne2 Bc7 16. Bd3 Qe5 17. Ng3 h5 18. Bd2 h4 19. Bc3 Qg5 20. Nf5 Bxf5 21. Bxf5 Nd5 22. Rd4 Nxc3 23. bxc3 Re7 24. Rad1 Qf6 25. Bg4 Qe5 26. Bf3 Qf6 27. Qa4 Bb6 28. Rxh4 Qxc3 29. Qg4 g6 30. Qg5 Rae8 31. Qh6 Qg7 32. Qxg7+ Kxg7 33. Rc4 Re5 34. Rc2 R8e7 35. Rcd2 f5 36. g3 Kf6 37. Rd7 Rxd7 38. Rxd7 Re7 39. Rd3 Bc7 40. Kg2 Be5 41. Bd1 Bc7 42. Bf3 Be5 43. Bd1 Bc7 44. Bf3 1/2-1/2

[Event "NOR-chT Clubs"]
[Site "Drammen"]
[Date "2010.10.08"]
[Round "1.50"]
[White "Dulman, Egmond Gabriel"]
[Black "Torum, Arild"]
[Result "1-0"]
[WhiteElo "2004"]
[BlackElo "1571"]
[PlyCount "43"]
[EventDate "2010.10.08"]
[EventType "team"]
[EventRounds "6"]
[EventCountry "NOR"]
[SourceTitle "EXT 2015"]
[Source "ChessBase"]
[SourceDate "2014.11.20"]
[SourceVersion "1"]
[SourceVersionDate "2014.11.20"]
[SourceQuality "1"]
[WhiteTeam "Akademisk"]
[BlackTeam "SMPOAA"]
[WhiteTeamCountry "NOR"]
[BlackTeamCountry "NOR"]

1. d4 Nf6 2. c4 e5 3. dxe5 Ne4 4. Qd4 Nc5 5. Nf3 Nc6 6. Qd1 d6 7. Bg5 f6 8. exf6 gxf6 9. Bh4 Bg4 10. Nc3 Bg7 11. Nd5 Rf8 12. b4 Ne6 13. e3 Ne5 14. Be2 c6 15. Nxe5 Bxe2 16. Qxe2 dxe5 17. Qg4 Kf7 18. Nc3 Qd3 19. Ne4 Nf4 20. Qf3 Ng6 21. Rd1 Nxh4 22. Qh5+ 1-0

[Event "Miercurea Ciuc Banc Post op 13th"]
[Site "Miercurea Ciuc"]
[Date "2010.08.11"]
[Round "2"]
[White "Darvas, Ignatie"]
[Black "Dulman, Egmond Gabriel"]
[Result "0-1"]
[WhiteElo "1833"]
[BlackElo "2108"]
[PlyCount "84"]
[EventDate "2010.08.10"]
[EventType "swiss"]
[EventRounds "9"]
[EventCountry "ROU"]
[SourceTitle "EXT 2012"]
[Source "ChessBase"]
[SourceDate "2011.11.24"]
[SourceVersion "1"]
[SourceVersionDate "2011.11.24"]
[SourceQuality "1"]

1. d4 Nf6 2. c4 e6 3. Nf3 c5 4. dxc5 Bxc5 5. e3 Nc6 6. a3 a5 7. Nc3 d5 8. cxd5 exd5 9. Bb5 0-0 10. 0-0 Bg4 11. h3 Bh5 12. Be2 Re8 13. Re1 Qd7 14. Nh4 Bxe2 15. Nxe2 Rad8 16. Nf3 Ne4 17. Qc2 Ba7 18. Rd1 Qe7 19. Nf4 d4 20. exd4 Nxd4 21. Nxd4 Bxd4 22. Nd3 Qf6 23. Be3 Bxe3 24. fxe3 Qb6 25. Re1 Rc8 26. Qe2 Rc6 27. Rab1 Qb3 28. Nc1 Qe6 29. b4 Nc3 30. Qb2 Nxb1 31. Qxb1 a4 32. Qd3 Rec8 33. Ne2 Qb3 34. Qe4 Qxa3 35. b5 R6c7 36. Nd4 Qe7 37. Qg4 Rc1 38. Qg3 Rxe1+ 39. Qxe1 Qe4 40. Nf3 Re8 41. Kf2 a3 42. Qc3 Qxe3+ 0-1

[Event "Miercurea Ciuc Banc Post op 12th"]
[Site "Miercurea Ciuc"]
[Date "2009.08.15"]
[Round "8"]
[White "Dulman, Egmond Gabriel"]
[Black "Vasile, Teodora"]
[Result "1/2-1/2"]
[WhiteElo "2100"]
[BlackElo "1983"]
[PlyCount "102"]
[EventDate "2009.08.09"]
[EventType "swiss"]
[EventRounds "9"]
[EventCountry "ROU"]
[SourceTitle "CBM 131 Extra"]
[Source "ChessBase"]
[SourceDate "2009.09.03"]
[SourceVersion "2"]
[SourceVersionDate "2009.09.16"]
[SourceQuality "1"]

1. d4 d6 2. e4 Nf6 3. Nc3 Nbd7 4. Nf3 e5 5. Bc4 Be7 6. 0-0 c6 7. a4 a5 8. Re1 0-0 9. Bf1 Qc7 10. g3 Re8 11. Bg2 Nf8 12. Nh4 g6 13. d5 Ng4 14. h3 Nf6 15. f4 Nh5 16. fxe5 dxe5 17. Qf3 Bb4 18. Rf1 Ra6 19. Bh6 Qe7 20. g4 Nf4 21. g5 Bxc3 22. bxc3 Qc5+ 23. Kh2 Nd7 24. Rf2 Nb6 25. Bf1 Ra8 26. Ng2 Qe7 27. Nxf4 exf4 28. Rb1 Nxa4 29. Bg2 Qe5 30. c4 Nc5 31. Qxf4 a4 32. Qxe5 Rxe5 33. Rbf1 Nxe4 34. Rxf7 Bf5 35. Rg7+ Kh8 36. Rxb7 Ree8 37. dxc6 Nd6 38. Bg7+ Kg8 39. Bd5+ Be6 40. Rd7 Nf5 41. Ba1 Bxd5 42. cxd5 Re2+ 43. Kg1 Rxc2 44. c7 Re8 45. Rf2 Rc1+ 46. Kg2 a3 47. Bf6 Rc5 48. Rd8 Kf7 49. Rd7+ Kg8 50. Rd8 Kf7 51. Rd7+ Kg8 1/2-1/2

[Event "ROM-ch U20"]
[Site "Sovata"]
[Date "2002.05.14"]
[Round "4"]
[White "Dobre, Claudiu Cristian"]
[Black "Dulman, Egmond Gabriel"]
[Result "1/2-1/2"]
[WhiteElo "2002"]
[BlackElo "2141"]
[PlyCount "35"]
[EventDate "2002.05.11"]
[EventType "swiss"]
[EventRounds "9"]
[EventCountry "ROU"]
[SourceTitle "EXT 2008"]
[Source "ChessBase"]
[SourceDate "2007.11.25"]
[SourceVersion "1"]
[SourceVersionDate "2007.11.25"]
[SourceQuality "1"]

1. d4 Nf6 2. c4 e6 3. Nc3 Bb4 4. f3 d5 5. a3 Be7 6. e4 dxe4 7. fxe4 e5 8. d5 Bc5 9. Nf3 a5 10. Bd3 Qe7 11. Qe2 Nbd7 12. Be3 Bxe3 13. Qxe3 Nc5 14. Bc2 b6 15. 0-0 0-0 16. Rab1 a4 17. Kh1 Ng4 18. Qe1 1/2-1/2

[Event "ROM-ch U20"]
[Site "Sovata"]
[Date "2002.05.13"]
[Round "3"]
[White "Dulman, Egmond Gabriel"]
[Black "Jianu, Vlad Cristian"]
[Result "0-1"]
[WhiteElo "2141"]
[BlackElo "2421"]
[PlyCount "78"]
[EventDate "2002.05.11"]
[EventType "swiss"]
[EventRounds "9"]
[EventCountry "ROU"]
[SourceTitle "EXT 2008"]
[Source "ChessBase"]
[SourceDate "2007.11.25"]
[SourceVersion "1"]
[SourceVersionDate "2007.11.25"]
[SourceQuality "1"]

1. d4 d6 2. e4 g6 3. c4 Bg7 4. Nc3 Nc6 5. Be3 Nf6 6. h3 0-0 7. Qd2 e5 8. d5 Ne7 9. g4 Ne8 10. Bd3 f5 11. gxf5 gxf5 12. f4 fxe4 13. Nxe4 Nf5 14. Bf2 exf4 15. Nf3 Ne3 16. Bxe3 fxe3 17. Qg2 Qe7 18. 0-0-0 Nf6 19. Nfg5 Nxe4 20. Qxe4 Qxe4 21. Bxe4 h6 22. Ne6 Bxe6 23. dxe6 Rf4 24. Bxb7 Rb8 25. e7 Kf7 26. Bd5+ Kxe7 27. b3 Bc3 28. Rh2 Rf2 29. Rxf2 exf2 30. c5 Be1 31. Bc4 Rf8 32. cxd6+ cxd6 33. Bf1 Rg8 34. Rd3 Rg1 35. Re3+ Kd8 36. Bb5 f1Q 37. Bxf1 Rxf1 38. Re6 Bh4+ 39. Kc2 Rf6 0-1